Statistics for Happiest countries

Click here to take the quiz!

General Stats

  • This quiz has been taken 24 times
  • The average score is 8 of 10

Answer Stats

Rank (1. = most happiest)Answer% Correct
7Sweden
100%
1Finland
96%
2Denmark
91%
6Norway
91%
4Iceland
83%
3Switzerland
78%
10Austria
70%
5Netherlands
70%
8Luxembourg
61%
9New Zealand
52%

Score Distribution

Percentile by Number Answered

Percent of People with Each Score

Your Score History

You have not taken this quiz